000 00527nam a2200181Ia 4500
008 131103s9999 xx 000 0 und d
040 _aLoreto College
041 _aEnglish
082 _a242/CHA
_bLCLIB/11457
100 _aChardin, Pierre Teilhard De
245 _aLe Milieu Divin
_b an essay on the interior life
_cPierre Teilhard De Chardin
260 _aCollins
_bFontana Books
_c1964
300 _a160p
_c 17cm
504 _aIncludes index
650 _aChristian religion
850 _aLCLIB/242/CHA
942 _cBK
999 _c24582
_d75061